[Event "Mersin op 1st"]
[Site "Mersin"]
[Date "2016.10.26"]
[Round "5"]
[White "Ozbulur, Kerim Uygar"]
[Black "Yassibag, Ipek Asli"]
[Result "1-0"]
[WhiteElo "1837"]
[BlackElo "1868"]
[PlyCount "69"]
[EventDate "2016.10.23"]
[EventType "swiss"]
[EventRounds "9"]
[EventCountry "TUR"]
[SourceTitle "EXT 2018"]
[Source "ChessBase"]
[SourceDate "2017.10.13"]
[SourceVersion "1"]
[SourceVersionDate "2017.10.13"]
[SourceQuality "1"]

1. e4 d5 2. exd5 Nf6 3. d4 Bg4 4. Be2 Bxe2 5. Qxe2 Qxd5 6. Nf3 Nc6 7. c4 Qf5 8. 0-0 0-0-0 9. d5 Nb4 10. a3 Nd3 11. Be3 Nf4 12. Bxf4 Qxf4 13. Ne5 Nd7 14. Nxd7 Rxd7 15. Nc3 h5 16. c5 Rh6 17. c6 bxc6 18. Qa6+ Kd8 19. dxc6 Rg6 20. g3 Rdd6 21. Qb7 Qg4 22. Nb5 Qc8 23. Nxd6 Rxd6 24. Rfd1 e6 25. Qxa7 Ke8 26. Rxd6 Bxd6 27. Qd4 Kf8 28. b4 f6 29. Qc4 Kf7 30. a4 g5 31. a5 h4 32. a6 hxg3 33. hxg3 Qb8 34. a7 Qa8 35. Qa6 1-0

[Event "Manavgat Turkey Cup"]
[Site "Manavgat"]
[Date "2015.02.01"]
[Round "3"]
[White "Ozalp, Burak"]
[Black "Ozbulur, Kerim Uygar"]
[Result "1-0"]
[WhiteElo "2024"]
[BlackElo "1757"]
[PlyCount "81"]
[EventDate "2015.01.31"]
[EventType "swiss"]
[EventRounds "11"]
[EventCountry "TUR"]
[SourceTitle "CBM 164 Extra"]
[Source "ChessBase"]
[SourceDate "2015.03.02"]
[SourceVersion "1"]
[SourceVersionDate "2015.03.02"]
[SourceQuality "1"]

1. d4 d5 2. Nc3 Nf6 3. Bg5 c6 4. f3 h6 5. Bh4 Qb6 6. Qd2 g5 7. Bg3 Bf5 8. 0-0-0 Na6 9. h4 Rg8 10. hxg5 hxg5 11. e3 0-0-0 12. Bd3 Bxd3 13. cxd3 e6 14. Nge2 Bd6 15. Bxd6 Rxd6 16. Kb1 Kb8 17. Rc1 Qa5 18. Rh6 Ne8 19. Rch1 Rd8 20. Nc1 Nd6 21. Nb3 Qb4 22. g4 c5 23. dxc5 Nxc5 24. Nxc5 Qxc5 25. Ne2 e5 26. Rc1 Qb6 27. Qc3 Rge8 28. Qc5 Qxc5 29. Rxc5 Nc8 30. Rh7 f6 31. Rcc7 b6 32. Rb7+ Ka8 33. Nc3 Rh8 34. Rhg7 Rh3 35. Rbc7 Kb8 36. Nb5 a6 37. Na7 Nxa7 38. Rb7+ Ka8 39. Rxa7+ Kb8 40. Rab7+ Kc8 41. Rgc7# 1-0